|
|
|
|
| LEADER |
00861nam a22002412a 4500 |
| 001 |
000040129 |
| 003 |
CZ BrMZK |
| 005 |
19951201143423.0 |
| 008 |
951201s1990 xxk f eng d |
| 020 |
|
|
|a 0-521-34863-3
|
| 040 |
|
|
|a BOA001
|b cze
|
| 080 |
|
|
|a 802.0(072)
|2 MRF
|
| 100 |
1 |
|
|a Doff, Adrian
|7 xx0002490
|
| 245 |
1 |
0 |
|a Teach English :
|b a training course for teachers.
|n [Díl 2.],
|p Teacher's workbook /
|c Adrian Doff
|
| 246 |
3 |
0 |
|a Teacher's workbook
|
| 250 |
|
|
|a 1.publ. 3.print.
|
| 260 |
|
|
|a Cambridge :
|b Cambridge University Press,
|c 1990
|
| 300 |
|
|
|a 4, 139 s.
|
| 910 |
|
|
|a BOA001
|b PK-0112.881,2
|
| 964 |
|
|
|a Angličtina - kurzy pro učitele - příručky anglické
|
| 964 |
|
|
|a Učitelé angličtiny - kursy - příručky anglické
|
| 990 |
|
|
|a BK
|
| 996 |
7 |
|
|b 3119990248
|c PK-0112.881,2
|l MZK
|r Sklad / do 1 hodiny
|n 7
|w 000040129
|u 000010
|a 1
|e BOA001
|j MZK50
|s A
|